The succession of life through geological time /

محفوظ في:

المؤلف الرئيسي: Oakley, Kenneth Page, 1911-1981.

مؤلف مشترك: British Museum (Natural History). Department of Geology.

مؤلفون آخرون: Muir-Wood, Helen M. (joint author.)

التنسيق: وقائع المؤتمر كتاب

اللغة: English

منشور في: London : Trustees of the British Museum, 1949.

الطبعة: 2d ed.

الموضوعات:

الوسوم: إضافة وسم

لا توجد وسوم, كن أول من يضع وسما على هذه التسجيلة!

رقم الطلب: QE763 .O3 1949

LEADER 00772nam a22002297a 4500
003 OSt
005 20251222073041.0
008 251222t1949 enkab 000 0 eng
040 |c ARCE Library 
050 1 4 |a QE763  |b .O3 1949 
100 1 |a Oakley, Kenneth Page,  |d 1911-1981.  
245 1 4 |a The succession of life through geological time /   |c  by Kenneth P. Oakley and Helen M. Muir-Wood. 
250 |a 2d ed. 
260 |a London :   |b Trustees of the British Museum,  |c 1949. 
300 |a vii, 92 p. :   |b illus., col. maps ;   |c 22 cm. 
650 0 |a Paleontology. 
700 1 |a Muir-Wood, Helen M.  |q (Helen Marguerite),  |e joint author. 
710 2 |a British Museum (Natural History).   |b Department of Geology.  
711 |a   
901 |a reviewed 
942 |2 lcc  |c BK 
999 |c 50581  |d 50581